[Event "Montreal Automne Specialiste"]
[Site "Montreal"]
[Date "1986.10.11"]
[Round "4"]
[White "Charest, Johanne"]
[Black "Donn, Eric"]
[Result "0-1"]
[WhiteElo "1378"]
[BlackElo "1489"]
[PlyCount "68"]
[EventDate "1986.10.04"]
[EventType "swiss"]
[EventRounds "5"]
[EventCountry "CAN"]
[SourceTitle "EXT 2022"]
[Source "ChessBase"]
[SourceDate "2021.10.06"]
[SourceVersion "1"]
[SourceVersionDate "2021.10.06"]
[SourceQuality "1"]

1. e4 c5 2. Nf3 e6 3. d4 cxd4 4. Nxd4 Nc6 5. Nc3 d6 6. Nf3 Be7 7. Be2 Nf6 8. Bd2 a6 9. 0-0 0-0 10. Bg5 b5 11. Re1 Bb7 12. Bf1 Qc7 13. Bf4 Nh5 14. Bd2 g6 15. Qe2 Rfd8 16. Bh6 Rac8 17. Bg5 f6 18. Bh6 b4 19. Na4 Na5 20. Rac1 Bc6 21. b3 Bb5 22. Qd1 Bxf1 23. Rxf1 d5 24. exd5 Rxd5 25. Qe2 Qc6 26. Rfe1 e5 27. Nh4 Nb7 28. Nf5 Bf8 29. Bxf8 Kxf8 30. h3 Nf4 31. Qc4 gxf5 32. Qxb4+ Kf7 33. Nc3 Rd4 34. Qa3 Qxg2# 0-1